000 00703nam a2200289Ia 4500
005 20260324140042.0
008 008 260324s9999 xx 000 0 eng d
020 _a9780203053058
037 _aEBOOK
040 _aCRL
040 _beng
040 _cCRL
041 _2eng
041 _aeng
084 _qCRL
100 _aMargaret Mallett
_91192962
245 0 _aYoung Researchers
245 0 _bInformational Reading and Writing in the Early and Primary Years
260 _bTaylor and Francis
260 _c1999
365 _a
365 _b290
856 _uhttp://www.taylorfrancis.com/books/9780203053058
942 _cEBOOK
999 _c1804595
_d1804595